Netherlands all time starting xi - Statistics

General Stats
  • This quiz has been taken 256 times
    53 since last reset
  • The average score is 9 of 11
Answer Stats
Hint Answer % Correct
GK(1995-2008 Edwin van der sar
98%
DF(2015- Virgil van Dijk
95%
FW(2003-2017 Arjen Robben
93%
FW(2005-2017 Robin van Persie
93%
MF(1966-1977 Johan Cruyff
88%
FW(2013- Memphis Depay
85%
MF(2003-2018 Wesley Sneijder
85%
DF(1990-2004 Frank de Boer
68%
MF(1994-2005 Edgar Davids
63%
DF(1996-2010 Giovanni van Bronckhorst
61%
DF(2013-2024 Daley Blind
54%
No matching quizzes found
Score Distribution
Percent of People with Each Score
Percentile by Number Answered
Your Score History
You have not taken this quiz since the last reset